000 00514nam a2200193 i 4500
001 bgj
245 1 0 _aAkzente :
_bZeitschrift für Dichtung.
_chrsg. von Walter Höllerer und Hans Bender
_n3/1954 /
260 _aMünchen :
_bCarl Hanser Verlag,
_c1954.
300 _aS. 197-292 ;
_c23 cm.
650 9 _aLiteratura
700 1 _aHÖLLERER, Walter.
700 1 _aBENDER, Hans.
040 _cBPK
041 0 _ager
044 _aDEU
080 _a82
942 _cKS
008 s gw f |000 0 ger
999 _c49967
_d49967
856 _uhttp://koha.tu.koszalin.pl/cgi-bin/koha/opac-detail.pl?biblionumber=49967
_yKatalog online BPK